000 00530nam a22001697a 4500
005 20251108165240.0
008 250721s1984 xx 000 0 ara d
082 1 4 _a915.661/عبد
100 1 _aالشريف، عبد الرحمن صادق
245 1 0 _aجغرافية المملكة العربية السعودية /
264 1 _aالرياض :
_bدار المريخ،
_c1984.
300 _aج : خرائط ؛ خرائط
650 1 7 _aالسعودية
650 1 7 _aالجغرافيا
942 _2ddc
_cBK
999 _c23185
_d23185